000 00776cab a2200313 4500
001 ABS51529
008 090401t1994 xxu||||| |||| 00| 0 eng d
035 _a(Sirsi) u31960
041 _aeng
245 _aCentrefolio: M3/Blackwater valley
260 _c1994
350 _a0
490 _aProperty Week
_v49(3) 20 October 1994, 33-51(11)
650 _aALDERSHOT
650 _aANDOVER
650 _aBASINGSTOKE
650 _aBLACKWATER VALLEY
650 _aCAMBERLEY
650 _aFARNBOROUGH
650 _aFLEET
650 _aFRIMLEY
650 _aHOOK
650 _aM3 CORRIDOR
650 _aPLANNING ISSUES
650 _aTRANSPORT ISSUES
690 _aPROPERTY-COMMERCIAL PROPERTY-COMMERCIAL PROPERTY MARKET
942 _n0
948 _c04/03/1997
999 _c21447
_d21447